| 000 | 00374nam a22001457a 4500 | ||
|---|---|---|---|
| 020 | _a978-93-82116-04-2 | ||
| 082 |
_a894.812 _bEMM/A |
||
| 100 | _aIMMATTY,GEORGE | ||
| 245 | _aALBUTHA PRATHIBHAKALAYA GANITHA SASTHRANJANMAR | ||
| 250 | _aSEVENTH | ||
| 260 |
_aTHRISSUR _bH&C PUBLISHING HOUSE _c2012 |
||
| 300 | _a96 | ||
| 650 |
_aGANITHA SASTHRAJNANMAR _zKERALA |
||
| 942 | _cBK | ||
| 999 |
_c1253 _d1253 |
||